Statistics for Word in the Middle - Songs

Click here to take the quiz!

General Stats

  • This quiz has been taken 57 times
  • The average score is 10 of 14

Answer Stats

Song 1AnswerSong 2% Correct
Tainted __Love__ Me Do
98%
Smoke on the ___Water___ Under the Bridge
96%
Heart of __Gold__ Digger
92%
'Til Kingdom __Come__ On Eileen
90%
Smells Like Teen ____Spirit____ in the Night
90%
Uptown __Funk__y Town
84%
Empire State of __Mind__ Games
84%
I Wanna __Rock__ You Like a Hurricane
71%
In the Air ____Tonight____ I'm Yours (Don't Hurt Me)
71%
Learn to __Fly__ to the Moon
65%
Number of the ___Beast___ of Burden
63%
Black Magic ___Woman___'s World
57%
It's a Kind of ___Magic___ Man
55%
__Jump__ (For my Love)
24%

Score Distribution

Percentile by Number Answered

Percent of People with Each Score

Your Score History

You have not taken this quiz